000 00532nam a22001457a 4500
020 _a978-1-4169-8697-3
082 _a823
_bDIX/H
100 _aDIXON, FRANKLIN W
245 _aTHE HARDY BOYS - THE PRIVATE KILLER
260 _aNEW YORK
_bALADDIN PAPERBACKS
_c2010
300 _a151
520 _aIn Private Killer, Frank and Joe continue their undercover investigation of Gamma Theta Theta, a mysterious-turned-dangerous fraternity at an all-boys New England boarding school.
650 _aMYSTERY STORY
_zUNITED STATES
942 _cBK
999 _c7773
_d7773